Čí je Arktida?

Historický pohľad na vymedzenie polohy Severného pólu. Vedecké bádanie a politická prestíž. Strategický význam v období studenej vojny.

Saved in:
Bibliographic Details
Main Author: Romancov, Michael
Format: Book Chapter
Language:Czech
Subjects:
Tags: Add Tag
No Tags, Be the first to tag this record!

MARC

LEADER 00000naa$a2200000$$$4500
001 0080342
005 20231016093340.8
041 0 |a cze 
044 |a CZ 
245 1 0 |a Čí je Arktida?  |c Michael Romancov 
520 |a Historický pohľad na vymedzenie polohy Severného pólu. Vedecké bádanie a politická prestíž. Strategický význam v období studenej vojny. 
610 2 0 |a Arktída 
610 2 0 |a história 
610 2 0 |a zdroje prírodné 
610 2 0 |a zdroje územné 
610 2 0 |a geografia 
610 2 0 |a politika medzinárodná 
100 1 |a Romancov, Michael